00528nam a2200157 i 4500001000300000100001600003245010200019260002100121040000800142041000800150942000700158008004100165999001700206856009800223952004900321bg1 aKLOCZYK, H. 0aAnaliza stanów termicznych budynków na potrzeby ogrzewań energooszczędnych /cH. Kloczyk. aPoznań,c1990. cBPK apol cKS s pl f |000 0 pol  c29280d29280 uhttp://koha.tu.koszalin.pl/cgi-bin/koha/opac-detail.pl?biblionumber=29280yKatalog online BPK 00104070aBPKbBPKcwo35406p01426861yKS